|
|
|
|
| LEADER |
00897nkm a2200265 a 4500 |
| 001 |
000657092 |
| 003 |
CZ BrMZK |
| 005 |
20101116203401.0 |
| 007 |
kf bo |
| 008 |
030311q19001999xr f und d |
| 040 |
|
|
|a BOA001
|b cze
|c BOA001
|
| 080 |
|
|
|a 929
|2 MRF
|
| 080 |
|
|
|a 77.041.5
|2 MRF
|
| 100 |
1 |
|
|a Matal, Bohumír,
|d 1922-1988
|7 jz8600629
|4 art
|
| 245 |
1 |
0 |
|a [Otakar Teyschl]
|h [grafika]
|
| 260 |
|
|
|a [S.l. :
|b s.n.,
|c 19--?]
|
| 300 |
|
|
|a 1 list ;
|c 20,5 x 14,4 cm
|
| 500 |
|
|
|a Otakar Teyschl se narodil v bosenském Sanskem Mostě a zemřel v Brně
|
| 500 |
|
|
|a Portrét
|
| 505 |
0 |
|
|a Reprodukce kresby Bohumíra Matala
|
| 600 |
1 |
7 |
|a Teyschl, Otakar,
|d 1891-1968
|7 jk01132319
|2 czenas
|
| 655 |
|
7 |
|a portréty
|7 fd133099
|2 czenas
|
| 856 |
4 |
1 |
|u https://imageserver.mzk.cz/mzk01/000/657/092/2610457619
|y Digitalizovaný dokument (klikněte pro zobrazení)
|
| 910 |
|
|
|a BOA001
|b Gr1-1252.538
|
| 990 |
|
|
|a GP
|